000 01393nam a22002657a 4500
005 20170124103207.0
010 _a767572
020 _c25.00
035 _a767572
037 _bCen Lib/Ret
040 _aDPL
_bHN
082 _a820.6
_bकेलक
100 _aकेलकर, काशीनाथ शंकर
_994166
245 _a१८ वीं शती के हिंदी पत्र :
_cकाशीनाथ शंकर केलकर
_bमराठा शासकों से सम्बंधित 18 वीं शती के हिंदी पत्रों का भाषा शास्त्रीय एवं इतिहासक अध्ययन /
246 _a18 vi shati ke hindi patr : maratha shaskon se sambandhit 18 vi shati ke hindi patron ka bhasha evam etihasik adhyayan /
_bby Kashinath Shankar Kelkar
260 _aमथुरा
_bजवाहर पुस्तकालय
_c1970
270 _bमथुरा
300 _a453पृ.
_c21सेमी(सजिल्द )
500 _aग्रन्थ सूची शामिल
650 _aसाहित्य -- हिंदी
_x
_z
_994167
650 _aहिंदी -- पत्र लेखन
_94492
650 _aLiterature - Hindi
_983958
650 _aHindi letter writing
_945640
942 _2ddc
_cHN
_h820.6
_mकेलक
999 _c121045
_d121045